<?xml version="1.0" encoding="UTF-8"?>
<record
    xmlns:xsi="http://www.w3.org/2001/XMLSchema-instance"
    xsi:schemaLocation="http://www.loc.gov/MARC21/slim http://www.loc.gov/standards/marcxml/schema/MARC21slim.xsd"
    xmlns="http://www.loc.gov/MARC21/slim">

  <leader>02049cam a2200505 i 4500</leader>
  <controlfield tag="001">59386</controlfield>
  <controlfield tag="003">CO-BoRNBP</controlfield>
  <controlfield tag="005">20251007163651.0</controlfield>
  <controlfield tag="007">ta</controlfield>
  <controlfield tag="008">880112s1978    sp |          ||    spa  </controlfield>
  <datafield tag="017" ind1=" " ind2=" ">
    <subfield code="a">M 32626-1978</subfield>
    <subfield code="b">Oficina Dep&#xF3;sito Legal Madrid</subfield>
  </datafield>
  <datafield tag="020" ind1=" " ind2=" ">
    <subfield code="a">8420713708</subfield>
  </datafield>
  <datafield tag="040" ind1=" " ind2=" ">
    <subfield code="a">SpMaBN</subfield>
    <subfield code="b">spa</subfield>
    <subfield code="c">SpMaBN</subfield>
    <subfield code="e">rdc</subfield>
  </datafield>
  <datafield tag="080" ind1=" " ind2=" ">
    <subfield code="a">53(075.8)</subfield>
  </datafield>
  <datafield tag="100" ind1="1" ind2=" ">
    <subfield code="a">Aguilar Peris, Jos&#xE9;</subfield>
    <subfield code="9">65406</subfield>
  </datafield>
  <datafield tag="245" ind1="1" ind2="0">
    <subfield code="a">F&#xED;sica</subfield>
    <subfield code="h">[Texto impreso]</subfield>
    <subfield code="c">Jos&#xE9; Aguilar Peris, Jos&#xE9; Doria Rico, Juan de la Rubia Pacheco</subfield>
  </datafield>
  <datafield tag="250" ind1=" " ind2=" ">
    <subfield code="a">1a. edici&#xF3;n</subfield>
  </datafield>
  <datafield tag="300" ind1=" " ind2=" ">
    <subfield code="a">496 p.</subfield>
    <subfield code="b">il.</subfield>
    <subfield code="c">24 cm</subfield>
  </datafield>
  <datafield tag="336" ind1=" " ind2=" ">
    <subfield code="2">rdacontent</subfield>
    <subfield code="a">texto</subfield>
    <subfield code="b">txt</subfield>
  </datafield>
  <datafield tag="337" ind1=" " ind2=" ">
    <subfield code="2">rdamedia</subfield>
    <subfield code="a">sin mediaci&#xF3;n</subfield>
    <subfield code="b">n</subfield>
  </datafield>
  <datafield tag="338" ind1=" " ind2=" ">
    <subfield code="2">rdacarrier</subfield>
    <subfield code="a">volumen</subfield>
    <subfield code="b">nc</subfield>
  </datafield>
  <datafield tag="650" ind1=" " ind2="7">
    <subfield code="a">F&#xED;sica</subfield>
    <subfield code="2">embne</subfield>
    <subfield code="9">10460</subfield>
  </datafield>
  <datafield tag="700" ind1="1" ind2=" ">
    <subfield code="a">Doria Rico, Jos&#xE9;</subfield>
    <subfield code="9">65407</subfield>
  </datafield>
  <datafield tag="700" ind1="1" ind2=" ">
    <subfield code="a">Rubia Pacheco, Juan de la</subfield>
    <subfield code="d">1928-</subfield>
    <subfield code="9">65408</subfield>
  </datafield>
  <datafield tag="942" ind1=" " ind2=" ">
    <subfield code="2">ddc</subfield>
    <subfield code="c">BK</subfield>
  </datafield>
  <datafield tag="956" ind1=" " ind2=" ">
    <subfield code="a">1 2</subfield>
  </datafield>
  <datafield tag="980" ind1=" " ind2=" ">
    <subfield code="a">S 280-1986</subfield>
    <subfield code="a">84-207-1370-8</subfield>
    <subfield code="a">SpMaBN</subfield>
    <subfield code="b">BNMADRID</subfield>
    <subfield code="j">3/133097</subfield>
    <subfield code="c">SG_RECOLET</subfield>
  </datafield>
  <datafield tag="980" ind1=" " ind2=" ">
    <subfield code="a">S 280-1986</subfield>
    <subfield code="a">84-207-1370-8</subfield>
    <subfield code="a">SpMaBN</subfield>
    <subfield code="b">BNMADRID</subfield>
    <subfield code="j">3/160464</subfield>
    <subfield code="c">SG_RECOLET</subfield>
  </datafield>
  <datafield tag="980" ind1=" " ind2=" ">
    <subfield code="a">SpMaBN</subfield>
    <subfield code="b">BNMADRID</subfield>
    <subfield code="j">4/218489</subfield>
    <subfield code="c">SG_RECOLET</subfield>
  </datafield>
  <datafield tag="980" ind1=" " ind2=" ">
    <subfield code="a">SpMaBN</subfield>
    <subfield code="b">BNMADRID</subfield>
    <subfield code="j">9/68554</subfield>
    <subfield code="c">SG_RECOLET</subfield>
  </datafield>
  <datafield tag="980" ind1=" " ind2=" ">
    <subfield code="a">M 32626-1978</subfield>
    <subfield code="a">SpMaBN</subfield>
    <subfield code="b">BNALCALA</subfield>
    <subfield code="j">DL/102254</subfield>
    <subfield code="c">CONSERVACI</subfield>
  </datafield>
  <datafield tag="980" ind1=" " ind2=" ">
    <subfield code="a">M 15577-1980</subfield>
    <subfield code="a">SpMaBN</subfield>
    <subfield code="b">BNALCALA</subfield>
    <subfield code="j">DL/136083</subfield>
    <subfield code="c">CONSERVACI</subfield>
  </datafield>
  <datafield tag="980" ind1=" " ind2=" ">
    <subfield code="a">M 845-1981</subfield>
    <subfield code="a">SpMaBN</subfield>
    <subfield code="b">BNALCALA</subfield>
    <subfield code="j">DL/156951</subfield>
    <subfield code="c">CONSERVACI</subfield>
  </datafield>
  <datafield tag="980" ind1=" " ind2=" ">
    <subfield code="a">SpMaBN</subfield>
    <subfield code="b">BNALCALA</subfield>
    <subfield code="j">DL/181426</subfield>
    <subfield code="c">CONSERVACI</subfield>
  </datafield>
  <datafield tag="980" ind1=" " ind2=" ">
    <subfield code="a">SpMaBN</subfield>
    <subfield code="b">BNALCALA</subfield>
    <subfield code="j">DL/238500</subfield>
    <subfield code="c">CONSERVACI</subfield>
  </datafield>
  <datafield tag="980" ind1=" " ind2=" ">
    <subfield code="a">SpMaBN</subfield>
    <subfield code="b">BNALCALA</subfield>
    <subfield code="j">DL/249528</subfield>
    <subfield code="c">CONSERVACI</subfield>
  </datafield>
  <datafield tag="980" ind1=" " ind2=" ">
    <subfield code="a">S 280-1986</subfield>
    <subfield code="a">84-207-1370-8</subfield>
    <subfield code="a">SpMaBN</subfield>
    <subfield code="b">BNALCALA</subfield>
    <subfield code="j">DL/330289</subfield>
    <subfield code="c">CONSERVACI</subfield>
  </datafield>
  <datafield tag="980" ind1=" " ind2=" ">
    <subfield code="a">S 280-1986</subfield>
    <subfield code="a">84-207-1370-8</subfield>
    <subfield code="a">SpMaBN</subfield>
    <subfield code="b">BNALCALA</subfield>
    <subfield code="j">DL/370933</subfield>
    <subfield code="c">CONSERVACI</subfield>
  </datafield>
  <datafield tag="980" ind1=" " ind2=" ">
    <subfield code="a">SpMaBN</subfield>
    <subfield code="b">BNALCALA</subfield>
    <subfield code="j">DL/500536</subfield>
    <subfield code="c">CONSERVACI</subfield>
  </datafield>
  <datafield tag="980" ind1=" " ind2=" ">
    <subfield code="a">M 32626-1978</subfield>
    <subfield code="a">SpMaBN</subfield>
    <subfield code="b">BNALCALA</subfield>
    <subfield code="j">J1/12683</subfield>
    <subfield code="c">SG_PETANTI</subfield>
  </datafield>
  <datafield tag="980" ind1=" " ind2=" ">
    <subfield code="a">M 15577-1980</subfield>
    <subfield code="a">SpMaBN</subfield>
    <subfield code="b">BNALCALA</subfield>
    <subfield code="j">J1/15302</subfield>
    <subfield code="c">SG_PETANTI</subfield>
  </datafield>
  <datafield tag="980" ind1=" " ind2=" ">
    <subfield code="a">M 845-1981</subfield>
    <subfield code="a">SpMaBN</subfield>
    <subfield code="b">BNALCALA</subfield>
    <subfield code="j">J1/17457</subfield>
    <subfield code="c">SG_PETANTI</subfield>
  </datafield>
  <datafield tag="980" ind1=" " ind2=" ">
    <subfield code="a">SpMaBN</subfield>
    <subfield code="b">BNALCALA</subfield>
    <subfield code="j">J1/18786</subfield>
    <subfield code="c">SG_PETANTI</subfield>
  </datafield>
  <datafield tag="980" ind1=" " ind2=" ">
    <subfield code="a">SpMaBN</subfield>
    <subfield code="b">BNALCALA</subfield>
    <subfield code="j">J1/24780</subfield>
    <subfield code="c">SG_PETANTI</subfield>
  </datafield>
  <datafield tag="999" ind1=" " ind2=" ">
    <subfield code="c">59386</subfield>
    <subfield code="d">59386</subfield>
  </datafield>
  <datafield tag="952" ind1=" " ind2=" ">
    <subfield code="0">0</subfield>
    <subfield code="1">0</subfield>
    <subfield code="2">ddc</subfield>
    <subfield code="4">0</subfield>
    <subfield code="7">0</subfield>
    <subfield code="8">GEN</subfield>
    <subfield code="a">MELEJANI</subfield>
    <subfield code="b">MELEJANI</subfield>
    <subfield code="c">GEN</subfield>
    <subfield code="d">2025-10-07</subfield>
    <subfield code="l">0</subfield>
    <subfield code="p">LEJ00937</subfield>
    <subfield code="r">2025-10-07 16:37:42</subfield>
    <subfield code="t">Ej.1</subfield>
    <subfield code="w">2025-10-07</subfield>
    <subfield code="y">BK</subfield>
  </datafield>
</record>
